Central Library OPAC University of Rajshahi

Mohammedanism and other religions of Mediterranean countries : (Record no. 11646)

MARC details
000 -LEADER
fixed length control field 01038cam a2200265u 4500
001 - CONTROL NUMBER
control field 11646
003 - CONTROL NUMBER IDENTIFIER
rucl marc code BD-RjUL
005 - DATE AND TIME OF LATEST TRANSACTION
control field 20211208235147.0
008 - FIXED-LENGTH DATA ELEMENTS--GENERAL INFORMATION
fixed length control field 140127s1965 nyu 000 0 eng
035 ## - SYSTEM CONTROL NUMBER
System control number (BD-RjUL)11695
040 ## - CATALOGING SOURCE
Original cataloging agency DLC
Transcribing agency CarP
Modifying agency BD-RjUL
Language of cataloging eng
041 ## - LANGUAGE CODE
Language code of text/sound track or separate title eng
082 ## - DEWEY DECIMAL CLASSIFICATION NUMBER
Classification number 297
Author mark and year BEM 1892
100 1# - MAIN ENTRY--PERSONAL NAME
Personal name Bettany, G. T.
9 (RLIN) 221796
245 10 - TITLE STATEMENT
Title Mohammedanism and other religions of Mediterranean countries :
Remainder of title being a popular account of Mahomet the Koran, modern Islam, together with descriptions of the Egyptian, Assyrian, Phœnician, and also the Greek, Roman, Teutonic, and Celtic religions ; with many illustrations /
Statement of responsibility, etc. by G. T. Bettany
260 ## - PUBLICATION, DISTRIBUTION, ETC. (IMPRINT)
Place of publication, distribution, etc. London :
Name of publisher, distributor, etc. Ward, Lock, Bowden and Co.,
Date of publication, distribution, etc. 1892.
300 ## - PHYSICAL DESCRIPTION
Pagination viii, 395 p. :
Illustrations Ill. ;
Size 23 cm.
490 ## - SERIES STATEMENT
Series statement World's religions series.
650 ## - SUBJECT ADDED ENTRY--TOPICAL TERM
Topical term or geographic name as entry element Islam.
9 (RLIN) 221797
Topical term or geographic name as entry element Religions.
9 (RLIN) 221798
Topical term or geographic name as entry element Islam
General subdivision Relations
-- Other religions.
9 (RLIN) 221799
830 ## - SERIES ADDED ENTRY--UNIFORM TITLE
Uniform title World's religions series.
942 ## - ADDED ENTRY ELEMENTS (KOHA)
Source of classification or shelving scheme Dewey Decimal Classification
Koha item type Rare Books
Holdings
Lost status Source of classification or shelving scheme Damaged status Not for loan Collection code Permanent Location Current Location Shelving location Date acquired Total Checkouts Full call number Date last seen Copy number Koha item type
  Dewey Decimal Classification   Not For Loan Rare Books Central Library, University of Rajshahi Central Library, University of Rajshahi Rare Book Section 18/07/2018   RA 297 BEM 1892 18/07/2018 C-1 Rare Books